[Event "GER-chT U12 Girls"]
[Site "Magdeburg"]
[Date "2023.12.27"]
[Round "2.6"]
[White "Trush, Diana"]
[Black "Berger, Jennifer"]
[Result "0-1"]
[WhiteElo "980"]
[BlackElo "1210"]
[PlyCount "52"]
[EventDate "2023.12.26"]
[EventType "team-swiss"]
[EventRounds "7"]
[EventCountry "GER"]
[SourceTitle "CB03_2024"]
[SourceDate "2024.01.17"]
[SourceVersion "1"]
[SourceVersionDate "2024.01.17"]
[SourceQuality "1"]
[WhiteTeam "Stuttgart Strateg"]
[BlackTeam "Garching"]
[WhiteTeamCountry "GER"]
[BlackTeamCountry "GER"]

1. e4 e5 2. Nf3 Nc6 3. Bc4 Bc5 4. 0-0 Nf6 5. d4 Bxd4 6. Nxd4 Nxd4 7. f4 d6 8. fxe5 dxe5 9. c3 Nc6 10. Qf3 0-0 11. Bg5 Qd6 12. Qg3 Nxe4 13. Qg4 Qc5+ 14. Kh1 Qxc4 15. Nd2 Nf2+ 16. Rxf2 Qxg4 17. Be3 Be6 18. Rf3 Bd5 19. Rg3 Qe6 20. c4 Bxc4 21. Nxc4 Qxc4 22. Bh6 Qe6 23. Bxg7 Ne7 24. Rf1 Rfd8 25. Rf6 Rd1+ 26. Rf1 Rxf1# 0-1

[Event "GER-ch U10 Girls"]
[Site "Willingen"]
[Date "2023.05.29"]
[Round "4"]
[White "Englert, Ann"]
[Black "Trush, Diana"]
[Result "0-1"]
[WhiteElo "1328"]
[BlackElo "1002"]
[PlyCount "56"]
[EventDate "2023.05.27"]
[EventType "swiss"]
[EventRounds "11"]
[EventCountry "GER"]
[SourceTitle "CBM 214 Extra"]
[Source "ChessBase"]
[SourceDate "2023.07.31"]
[SourceVersion "1"]
[SourceVersionDate "2023.07.31"]
[SourceQuality "1"]

1. d4 c5 2. Nf3 cxd4 3. Nxd4 d5 4. Nc3 Nf6 5. Bf4 Nc6 6. Nxc6 bxc6 7. e3 g6 8. Be2 Bg7 9. 0-0 0-0 10. Rb1 Re8 11. h3 e5 12. Bg3 Nh5 13. Bxh5 gxh5 14. Qxh5 d4 15. exd4 exd4 16. Na4 Re6 17. Qd1 Qd5 18. b3 c5 19. Nb2 Rg6 20. Bh2 Bxh3 21. f3 Be5 22. Rf2 Kh8 23. Qe2 Re8 24. Qd2 Reg8 25. Bxe5+ Qxe5 26. Re1 Rxg2+ 27. Rxg2 Rxg2+ 28. Kh1 Qh2# 0-1